Fundamentos de filosofía
Сохранить в:
| Главный автор: | |
|---|---|
| Формат: | |
| Язык: | испанский |
| Опубликовано: |
Madrid, España
Rialp
1981
|
| Редактирование: | Undécima edición |
| Предметы: | |
| Online-ссылка: | Disponible Online |
| Метки: |
Добавить метку
Нет меток, Требуется 1-ая метка записи!
|
MARC
| LEADER | 00000nam a2200000 a 4500 | ||
|---|---|---|---|
| 001 | UCX8896 | ||
| 003 | CL-VaPUC | ||
| 005 | 20240827120112.0 | ||
| 008 | 940505e19810000SP |||||||||||||||||spa|d | ||
| 999 | |c 228265 |d 228263 | ||
| 020 | |a 8432101761 | ||
| 040 | |c Pontificia Universidad Católica de Valparaíso | ||
| 082 | 0 | 4 | |a 101 MIL 1981 |2 21 |
| 100 | |a Millán-Puelles, Antonio |e autor |9 438785 | ||
| 245 | 1 | 0 | |a Fundamentos de filosofía |
| 250 | |a Undécima edición | ||
| 260 | |a Madrid, España |b Rialp |c 1981 | ||
| 300 | |a 670 páginas | ||
| 583 | |a last modification |c 19940505 00:00:00 |k Rodrigo Vera | ||
| 650 | 0 | |a Filosofía |9 223554 |x Lógica | |
| 650 | 0 | |a Filosofía cristiana |9 265980 |x Fe |x Existencia (Dios) |x Teología | |
| 650 | 0 | |a Existencia (Filosofía) |x Ente lógico |x Ente móvil |x Ente vivo |9 890864 | |
| 856 | |u http://bibliografiadigital.pucv.cl.pucv.idm.oclc.org/index.php/bibliotecapucv/catalog/book/425 |y Disponible Online | ||
| 942 | |c BK |2 ddc | ||
| 945 | |d 19940505 00:00:00 |a aalvarez | ||
| 952 | |0 0 |1 0 |4 0 |6 101_000000000000000_MIL_1981 |7 0 |8 P |9 228146 |a BIBEDU |b BIBEDU |c BIBEDU_PB |d 2019-11-15 |i 1561863 |l 1 |o 101 MIL 1981 |p 1561863 |r 2024-01-25 |s 2023-06-02 |w 2019-11-15 |y BK |k FIL | ||
| 952 | |0 0 |1 0 |4 0 |6 101_000000000000000_MIL_1981 |7 0 |8 A |9 228147 |a BIBTEO |b BIBTEO |d 2019-11-15 |i 406190K |o 101 MIL 1981 |p 406190K |r 2025-01-17 |w 2019-11-15 |y BK |k ICR | ||